Gnosis und Philosophie : Miscellanea /

محفوظ في:

مؤلفون آخرون: Berlinger, Rudolph (المحرر), Schrader, Wiebke (المحرر), Böhlig, Alexander (المحرر)

التنسيق: كتاب الكتروني

اللغة: English

منشور في: Leiden; Boston : BRILL, 1993.

سلاسل: Elementa ; 59.

الموضوعات:

الوصول للمادة أونلاين: Login to view Source

الوسوم: إضافة وسم

لا توجد وسوم, كن أول من يضع وسما على هذه التسجيلة!

رقم الطلب: BT1390

LEADER 02282nam a22004691i 4500
001 BRILL9789004455702
003 nllekb
005 20220414152829.0
006 m d
007 cr un uuuua
008 201027s1993 ne sb 001 0 eng d
020 |a 9789004455702  |q (electronic book) 
020 |a 9789051834062  |q (print) 
024 7 |a 10.1163/9789004455702  |2 DOI 
035 |z (OCoLC)30839373 
040 |a NL-LeKB  |c NL-LeKB  |e rda 
050 4 |a BT1390 
072 7 |a HPCA  |2 bicssc 
072 7 |a PHI  |x 002000  |2 bisacsh 
082 0 4 |a 299/.932  |2 23 
245 0 0 |a Gnosis und Philosophie :  |b Miscellanea /  |c edited byRudolph Berlinger, Wiebke Schrader, Alexander Böhlig. 
246 3 |a Miscellanea 
264 1 |a Leiden;   |a Boston :  |b BRILL,  |c 1993. 
300 |a 1 online resource. 
336 |a text  |b txt  |2 rdacontent 
337 |a computer  |b c  |2 rdamedia 
338 |a online resource  |2 rdacarrier 
490 1 |a Elementa ;  |v 59 
504 |a Includes bibliographical references and index. 
505 0 |a Alexander BÖHLIG: Vorwort -- Der Manichäismus und das Christentum -- Bemerkungen zur Metaphysik in Gnosis und Philosophie -- Die Bedeutung des CMC für den Manichäismus -- Mani und Platon - ein Vergleich -- Wolfgang FAUTH: Manis anderes Ich -- Gestalthafte Metaphysik im Kölner Mani-Kodex -- Syzygos und Eikon -- Edgar FRÜCHTEL: Platonismus und Christentum -- Einige Bemerkungen zu Zeit und Zeitlichkeit in der Platonica Theologia des Marsilius Ficinus -- Einige Bemerkungen zum Bild des Seelenwagenlenkers -- Carl-A -- KELLER: Gnostik, Urform christlicher Mystik -- Christoph MARKSCHIES: Die Krise einer philosophischen Theologie. 
588 |a Description based on print version record. 
650 0 |a Gnosticism  |x History and criticism. 
650 0 |a Gnosticism. 
700 1 |a Berlinger, Rudolph,  |e editor. 
700 1 |a Schrader, Wiebke,  |e editor. 
700 1 |a Böhlig, Alexander,  |e editor. 
776 0 8 |i Print version:  |t Gnosis und Philosophie : Miscellanea.  |d Leiden ; Boston : BRILL, 1993  |z 9789051834062 
830 0 |a Elementa ;  |v 59. 
856 4 |z DOI:   |u http://dx.doi.org/10.1163/9789004455702 
942 |2 lcc  |c EBOOK 
952 |0 0  |1 0  |2 lcc  |4 0  |7 1  |9 39778  |a BRILL  |b BRILL  |d 2022-04-14  |l 0  |r 2022-04-14 00:00:00  |w 2022-04-14  |y EBOOK 
999 |c 47231  |d 47231